Statistics for Smallest Countries in South America

Click here to take the quiz!

General Stats

  • This quiz has been taken 39 times
  • The average score is 18 of 20

Answer Stats

HintAnswer% Correct
747,000Paraguay
97%
215,000 km sqParaguay
97%
1.285 km sqSuriname
97%
3.3 millionSuriname
97%
916,000 km sqBolivia
94%
10.5 millionBolivia
94%
1.098 km sqChile
94%
16.2 millionChile
94%
18 millionGuyana
94%
406,000 km sqGuyana
94%
7 millionPeru
94%
1.141 km sqPeru
94%
560,000Uruguay
88%
757,000 km sqUruguay
88%
31.1 millionVenezuela
88%
176,000 km sqVenezuela
88%
43.1 millionArgentina
85%
30.6 millionEcuador
85%
283,000 km sqEcuador
85%
163,000 km sqColombia
76%

Score Distribution

Percentile by Number Answered

Percent of People with Each Score

Your Score History

You have not taken this quiz